LEADER 01538nam a2200385 a 4500 001 000000055725 003 CaOOAMICUS 005 20130716145958.0 008 010307s1997 it u000 u ita r 020 $a8811599938 035 $a10868771 040 $aPUL$bita 041 1 $aita$hger 100 1 $aTaubes, Jacob,$d1923-1987.$0(OLS)http://pul/name/39149 240 10$aAdendländische Eschatologie.$lItaliano.$0(OLS)http://pul/title/74576 245 10$aEscatologia occidentale /$cJacob Taubes ; prefazione Michele Ranchetti. 260 $aMilano :$bGarzanti,$cc1997. 300 $a303 p. ;$c21 cm 490 1 $aSaggi blu 504 $a"Bibliografia dell'autore": p. 291-301. 504 $aBibliografia: p. 267-274. 650 4$aEscatologia.$0(OLS)http://pul/subject/791 700 1 $aRanchetti, Michele.$0(OLS)http://pul/name/31001 830 0$aSaggi blu.$0(OLS)http://pul/title/23755 850 $aPUL 852 $aPUL$W1$xDP1 Altre Collocazioni$y17$mSenza collocazione$j12$nBK-PRI$b $qStampati$B73235$CPULBib$Z2$F73235 $H $81 852 $aPUL$W1$xDP1 Fondo E. Rossi$y115$m1 T 5$j155337$a2. copia$qFondi$B154889$CPULBib$Z2$F154889 $82 941 1 $a8 941 1 $a1 961 $aINV: 0964 961 $aSul dorso collocazione ms. di E. Rossi: T 2 2 996 $6020$a8811599938$9(OLS)http://pul/number/70086 996 $6245$aEscatologia occidentale$9(OLS)http://pul/title/74577 996 $6260$aMilano :$bGarzanti$9(OLS)http://pul/publisher/49146 LEADER 01387nam a2200325 a 4500 001 000000171507 003 CaOOAMICUS 005 20190218132309.0 008 190218s2018 it 001 0 ita r 020 $a978-88-3285-016-1* 032 $aLibriCat 040 $aPUL$bita 041 1 $aita$hfre 100 1 $aGreen, André.$0(OLS)http://pul/name/58398 240 10$aNarcissisme de vie, narcissisme de mort. Italiano$bitaliano.$0(OLS)http://pul/title/212312 245 10$aNarcisismo di vita, narcisismo di morte /$cAndré Green. 260 $aMilano :$bRaffaello Cortina,$c©2018. 300 $a280 p.;$c23 cm 490 1 $aCollana di psicologia clinica e psicoterapia ;$v304 504 $aInclude riferimenti bibliografici ed indice. 650 4$aNarcisismo.$0(OLS)http://pul/subject/19200 650 4$aPsicoterapia.$0(OLS)http://pul/subject/7249 830 0$aCollana di psicologia clinica e psicoterapia ;$v304.$0(OLS)http://pul/title/12189 850 $aPUL 852 $aPUL$W1$xSL Filosofia 1$y2$m97 S 304$j195213$qStampati$B200114$CPULBib$Z2$F200114 $H132260 $82 941 1 $a8 996 $6020$a978-88-3285-016-1*$9(OLS)http://pul/number/165748 996 $6245$aNarcisismo di vita, narcisismo di morte$9(OLS)http://pul/title/212313 996 $6260$aMilano :$bRaffaello Cortina$9(OLS)http://pul/publisher/63509